[Event "Eurasia Open Cup 2019"]
[Site "Ekaterinburg"]
[Date "2019.08.01"]
[Round "2.37"]
[White "Tunik, Gennady"]
[Black "Voinikonis, Nikita"]
[Result "1/2-1/2"]
[WhiteElo "2371"]
[BlackElo "2137"]
[Annotator "NA"]
[PlyCount "96"]
[EventDate "2019.07.31"]
[EventType "swiss"]
[EventCountry "RUS"]
[SourceTitle "playchess.com"]
[Source "ChessBase"]
[SourceQuality "1"]
[TimeControl "5400+30"]

1. d4 {[%emt 0:00:00]} d5 {[%emt 0:00:00]} 2. c4 {[%emt 0:00:00]} c5 {[%emt 0:00:15]} 3. cxd5 {[%emt 0:00:13]} Qxd5 {[%emt 0:00:00]} 4. Nf3 {[%emt 0:00:46]} cxd4 {[%emt 0:00:00]} 5. Nc3 {[%emt 0:00:27]} Qa5 {[%emt 0:00:00]} 6. Nxd4 {[%emt 0:00:22]} Nf6 {[%emt 0:00:00]} 7. g3 {[%emt 0:05:16]} e5 {[%emt 0:00:47]} 8. Nb3 {[%emt 0:00:45]} Qc7 {[%emt 0:00:40]} 9. Bg5 {[%emt 0:01:23]} Bb4 {[%emt 0:01:57]} 10. Bg2 {[%emt 0:03:14]} Bxc3+ {[%emt 0:00:53]} 11. bxc3 {[%emt 0:00:35]} Nbd7 {[%emt 0:00:05]} 12. O-O {[%emt 0:03:17]} O-O {[%emt 0:01:44]} 13. c4 {[%emt 0:01:01]} h6 {[%emt 0:05:12]} 14. Bd2 {[%emt 0:03:09]} a5 {[%emt 0:11:37]} 15. Rc1 {[%emt 0:06:53]} Nb8 {[%emt 0:04:03]} 16. Bc3 {[%emt 0:02:35]} Nc6 {[%emt 0:00:30]} 17. Qc2 {[%emt 0:06:28]} Be6 {[%emt 0:01:22]} 18. Ba1 {[%emt 0:05:36]} Rad8 {[%emt 0:03:01]} 19. Nc5 {[%emt 0:04:35]} Bc8 {[%emt 0:08:36]} 20. Ne4 {[%emt 0:05:55]} Nxe4 {[%emt 0:01:06]} 21. Bxe4 {[%emt 0:02:25]} Nd4 {[%emt 0:04:46]} 22. Qb2 {[%emt 0:02:57]} Rfe8 {[%emt 0:01:01]} 23. c5 {[%emt 0:01:23]} Be6 {[%emt 0:02:59]} 24. e3 {[%emt 0:04:54]} Nc6 {[%emt 0:05:57]} 25. Rfd1 {[%emt 0:00:34]} Rxd1+ {[%emt 0:02:31]} 26. Rxd1 {[%emt 0:02:06]} Rd8 {[%emt 0:00:51]} 27. Rxd8+ {[%emt 0:03:08]} Nxd8 {[%emt 0:12:38]} 28. Qxe5 {[%emt 0:00:16]} Qxe5 {[%emt 0:00:03]} 29. Bxe5 {[%emt 0:01:42]} Bxa2 {[%emt 0:01:29]} 30. Bc7 {[%emt 0:02:04]} Nc6 {[%emt 0:00:11]} 31. Bxc6 {[%emt 0:00:05]} bxc6 {[%emt 0:01:14]} 32. Bxa5 {[%emt 0:02:06]} Bd5 {[%emt 0:00:03]} 33. g4 {[%emt 0:00:06]} Bf3 {[%emt 0:00:05]} 34. h3 {[%emt 0:00:05]} h5 {[%emt 0:00:06]} 35. gxh5 {[%emt 0:00:54]} Bxh5 {[%emt 0:01:12]} 36. Kg2 {[%emt 0:00:07]} f5 {[%emt 0:00:06]} 37. Kg3 {[%emt 0:00:21]} Kf7 {[%emt 0:00:06]} 38. Kf4 {[%emt 0:00:09]} g6 {[%emt 0:02:50]} 39. Ke5 {[%emt 0:01:19]} Bf3 {[%emt 0:00:07]} 40. Bd8 {[%emt 0:00:51]} Bg2 {[%emt 0:01:09]} 41. h4 {[%emt 0:00:20]} Bf3 {[%emt 0:00:14]} 42. Bg5 {[%emt 0:00:11]} Bd1 {[%emt 0:00:23]} 43. Kd6 {[%emt 0:00:28]} Bf3 {[%emt 0:00:32]} 44. Bf4 {[%emt 0:00:18]} Bd5 {[%emt 0:01:07]} 45. Be5 {[%emt 0:01:27]} Be4 {[%emt 0:00:07]} 46. Bc3 {[%emt 0:00:05]} Bd5 {[%emt 0:00:20]} 47. Ke5 {[%emt 0:00:12]} Bf3 {[%emt 0:00:13]} 48. Kf4 {[%emt 0:00:10]} Bd1 {[%emt 0:00:17]} 1/2-1/2

[Event "Eurasia Open Cup 2019"]
[Site "Ekaterinburg"]
[Date "2019.08.01"]
[Round "2.38"]
[White "Fedotov, Alexey"]
[Black "Fotin, Vladimir"]
[Result "1/2-1/2"]
[WhiteElo "2141"]
[BlackElo "2368"]
[Annotator "NA"]
[PlyCount "152"]
[EventDate "2019.07.31"]
[EventType "swiss"]
[EventCountry "RUS"]
[SourceTitle "playchess.com"]
[Source "ChessBase"]
[SourceQuality "1"]
[TimeControl "5400+30"]

1. d4 {[%emt 0:00:00]} Nf6 {[%emt 0:02:14]} 2. c4 {[%emt 0:00:00]} g6 {[%emt 0:00:34]} 3. Nc3 {[%emt 0:00:11]} d5 {[%emt 0:00:44]} 4. cxd5 {[%emt 0:00:00]} Nxd5 {[%emt 0:00:07]} 5. e4 {[%emt 0:00:00]} Nxc3 {[%emt 0:00:00]} 6. bxc3 {[%emt 0:00:38]} Bg7 {[%emt 0:00:00]} 7. Nf3 {[%emt 0:00:00]} c5 {[%emt 0:03:27]} 8. Be3 {[%emt 0:00:10]} Qa5 {[%emt 0:00:21]} 9. Qd2 {[%emt 0:00:12]} O-O {[%emt 0:03:31]} 10. Rc1 {[%emt 0:01:09]} Rd8 {[%emt 0:03:52]} 11. d5 {[%emt 0:00:54]} e6 {[%emt 0:00:30]} 12. Bg5 {[%emt 0:00:55]} f6 {[%emt 0:00:41]} 13. Be3 {[%emt 0:00:51]} Nc6 {[%emt 0:00:23]} 14. Bd3 {[%emt 0:01:44]} Ne7 {[%emt 0:01:12]} 15. c4 {[%emt 0:03:12]} Qxd2+ {[%emt 0:00:00]} 16. Nxd2 {[%emt 0:20:38]} b6 {[%emt 0:00:21]} 17. Ke2 {[%emt 0:13:44]} h6 {[%emt 0:01:18]} 18. h4 {[%emt 0:04:43]} f5 {[%emt 0:03:33]} 19. f3 {[%emt 0:02:09]} Bd7 {[%emt 0:06:21]} 20. Rhg1 {[%emt 0:13:45]} Rf8 {[%emt 0:09:25]} 21. g4 {[%emt 0:01:23]} fxg4 {[%emt 0:00:30]} 22. fxg4 {[%emt 0:00:50]} Rae8 {[%emt 0:04:26]} 23. Rcf1 {[%emt 0:01:02]} Rxf1 {[%emt 0:00:26]} 24. Nxf1 {[%emt 0:07:57]} Nc8 {[%emt 0:00:54]} 25. Nd2 {[%emt 0:00:54]} exd5 {[%emt 0:03:17]} 26. cxd5 {[%emt 0:06:12]} Nd6 {[%emt 0:09:00]} 27. Bf4 {[%emt 0:03:44]} Nf7 {[%emt 0:00:05]} 28. Nf3 {[%emt 0:05:22]} b5 {[%emt 0:03:37]} 29. Kf2 {[%emt 0:02:51]} c4 {[%emt 0:01:27]} 30. Bc2 {[%emt 0:01:51]} a5 {[%emt 0:05:03]} 31. Kg3 {[%emt 0:00:38]} b4 {[%emt 0:00:45]} 32. Re1 {[%emt 0:00:19]} a4 {[%emt 0:00:25]} 33. e5 {[%emt 0:01:11]} g5 {[%emt 0:02:01]} 34. hxg5 {[%emt 0:03:20]} hxg5 {[%emt 0:00:15]} 35. Bd2 {[%emt 0:00:17]} c3 {[%emt 0:00:01]} 36. Bxc3 {[%emt 0:01:03]} bxc3 {[%emt 0:00:26]} 37. e6 {[%emt 0:00:45]} Kf8 {[%emt 0:00:19]} 38. exd7 {[%emt 0:00:05]} Rxe1 {[%emt 0:22:34]} 39. Nxe1 {[%emt 0:01:05]} Ke7 {[%emt 0:00:38]} 40. Bxa4 {[%emt 0:00:39]} Kd6 {[%emt 0:01:27]} 41. Kf3 {[%emt 0:00:00]} Kc5 {[%emt 0:04:41]} 42. Ke4 {[%emt 0:01:05]} Nd6+ {[%emt 0:00:30]} 43. Kd3 {[%emt 0:00:41]} Bf6 {[%emt 0:00:00]} 44. Bc6 {[%emt 0:00:50]} Nc4 {[%emt 0:00:00]} 45. d8=Q {[%emt 0:00:30]} Bxd8 {[%emt 0:00:00]} 46. Kxc3 {[%emt 0:01:29]} Ba5+ {[%emt 0:00:31]} 47. Kd3 {[%emt 0:00:00]} Bxe1 {[%emt 0:00:07]} 48. Ke4 {[%emt 0:01:24]} Bd2 {[%emt 0:00:21]} 49. a4 {[%emt 0:00:00]} Bf4 {[%emt 0:00:05]} 50. Ba8 {[%emt 0:00:46]} Ne3 {[%emt 0:01:34]} 51. a5 {[%emt 0:01:40]} Nc4 {[%emt 0:02:25]} 52. a6 {[%emt 0:00:11]} Nd6+ {[%emt 0:00:07]} 53. Kd3 {[%emt 0:00:18]} Kb6 {[%emt 0:00:35]} 54. Kd4 {[%emt 0:00:19]} Kxa6 {[%emt 0:00:06]} 55. Bc6 {[%emt 0:01:18]} Kb6 {[%emt 0:00:00]} 56. Bd7 {[%emt 0:00:00]} Kc7 {[%emt 0:00:43]} 57. Be6 {[%emt 0:00:11]} Ne8 {[%emt 0:00:21]} 58. Ke4 {[%emt 0:01:16]} Nd6+ {[%emt 0:00:34]} 59. Kd4 {[%emt 0:00:33]} Ne8 {[%emt 0:00:05]} 60. Ke4 {[%emt 0:00:10]} Kd6 {[%emt 0:00:28]} 61. Kf3 {[%emt 0:00:07]} Nf6 {[%emt 0:00:35]} 62. Bc8 {[%emt 0:00:47]} Kxd5 {[%emt 0:00:09]} 63. Ba6 {[%emt 0:00:50]} Nd7 {[%emt 0:00:10]} 64. Bb7+ {[%emt 0:00:21]} Kd4 {[%emt 0:00:13]} 65. Bc8 {[%emt 0:00:03]} Ne5+ {[%emt 0:00:06]} 66. Kf2 {[%emt 0:00:07]} Be3+ {[%emt 0:00:09]} 67. Kg3 {[%emt 0:00:39]} Bd2 {[%emt 0:00:19]} 68. Bb7 {[%emt 0:00:14]} Ke3 {[%emt 0:00:07]} 69. Bc8 {[%emt 0:00:39]} Be1+ {[%emt 0:00:09]} 70. Kh3 {[%emt 0:00:12]} Kf2 {[%emt 0:00:07]} 71. Bb7 {[%emt 0:00:26]} Kg1 {[%emt 0:00:35]} 72. Be4 {[%emt 0:00:24]} Nc4 {[%emt 0:01:46]} 73. Bd5 {[%emt 0:00:04]} Ne3 {[%emt 0:01:12]} 74. Bf3 {[%emt 0:00:47]} Bh4 {[%emt 0:00:44]} 75. Bd1 {[%emt 0:00:58]} Nd5 {[%emt 0:00:07]} 76. Bf3 {[%emt 0:00:56]} Nf4# {[%emt 0:00:07]} 1/2-1/2

[Event "Eurasia Open Cup 2019"]
[Site "Ekaterinburg"]
[Date "2019.08.01"]
[Round "2.39"]
[White "Postnikov, Daniil"]
[Black "Averyanov, Grigori"]
[Result "1/2-1/2"]
[WhiteElo "2354"]
[BlackElo "2131"]
[Annotator "NA"]
[PlyCount "46"]
[EventDate "2019.07.31"]
[EventType "swiss"]
[EventCountry "RUS"]
[SourceTitle "playchess.com"]
[Source "ChessBase"]
[SourceQuality "1"]
[TimeControl "5400+30"]

1. e4 {[%emt 0:00:00]} c5 {[%emt 0:01:05]} 2. Nf3 {[%emt 0:00:00]} d6 {[%emt 0:00:05]} 3. d4 {[%emt 0:00:00]} cxd4 {[%emt 0:00:04]} 4. Nxd4 {[%emt 0:00:00]} Nf6 {[%emt 0:00:00]} 5. Nc3 {[%emt 0:00:00]} Nc6 {[%emt 0:00:11]} 6. Bg5 {[%emt 0:00:35]} e6 {[%emt 0:00:46]} 7. Qd2 {[%emt 0:00:13]} a6 {[%emt 0:00:00]} 8. O-O-O {[%emt 0:00:13]} h6 {[%emt 0:00:00]} 9. Nxc6 {[%emt 0:01:06]} bxc6 {[%emt 0:00:20]} 10. Bf4 {[%emt 0:00:12]} d5 {[%emt 0:00:00]} 11. Qe3 {[%emt 0:00:12]} Bb4 {[%emt 0:00:00]} 12. Be2 {[%emt 0:19:08]} O-O {[%emt 0:00:00]} 13. e5 {[%emt 0:03:40]} Nh7 {[%emt 0:00:00]} 14. h4 {[%emt 0:03:38]} Qa5 {[%emt 0:24:52]} 15. Rh3 {[%emt 0:07:59]} Bc5 {[%emt 0:03:53]} 16. Qg3 {[%emt 0:05:35]} Kh8 {[%emt 0:00:47]} 17. Bd3 {[%emt 0:02:00]} Rb8 {[%emt 0:11:44]} 18. Bxh6 {[%emt 0:22:22]} gxh6 {[%emt 0:00:37]} 19. Bxh7 {[%emt 0:00:07]} Kxh7 {[%emt 0:12:21]} 20. Qd3+ {[%emt 0:00:56]} Kh8 {[%emt 0:00:09]} 21. Qd2 {[%emt 0:00:04]} Kh7 {[%emt 0:00:05]} 22. Qd3+ {[%emt 0:00:15]} Kh8 {[%emt 0:00:04]} 23. Qd2 {[%emt 0:00:07]} Kh7 {[%emt 0:00:06]} 1/2-1/2

[Event "Eurasia Open Cup 2019"]
[Site "Ekaterinburg"]
[Date "2019.08.01"]
[Round "2.40"]
[White "Zhukov, Ivan"]
[Black "Bublei, Pavel"]
[Result "0-1"]
[WhiteElo "2136"]
[BlackElo "2353"]
[Annotator "NA"]
[PlyCount "100"]
[EventDate "2019.07.31"]
[EventType "swiss"]
[EventCountry "RUS"]
[SourceTitle "playchess.com"]
[Source "ChessBase"]
[SourceQuality "1"]
[TimeControl "5400+30"]

1. e4 {[%emt 0:00:00]} c6 {[%emt 0:00:30]} 2. d4 {[%emt 0:00:30]} d5 {[%emt 0:00:35]} 3. Nd2 {[%emt 0:00:50]} dxe4 {[%emt 0:00:20]} 4. Nxe4 {[%emt 0:00:05]} Nd7 {[%emt 0:00:15]} 5. Ng5 {[%emt 0:01:26]} h6 {[%emt 0:00:20]} 6. Ne6 {[%emt 0:01:51]} Qb6 {[%emt 0:00:10]} 7. Nxf8 {[%emt 0:01:30]} Nxf8 {[%emt 0:00:10]} 8. Nf3 {[%emt 0:04:15]} Nf6 {[%emt 0:00:41]} 9. c3 {[%emt 0:04:09]} Bf5 {[%emt 0:00:20]} 10. Be2 {[%emt 0:02:30]} Ng6 {[%emt 0:01:25]} 11. Qb3 {[%emt 0:02:57]} Qc7 {[%emt 0:00:56]} 12. Bd2 {[%emt 0:02:37]} O-O {[%emt 0:00:25]} 13. O-O {[%emt 0:00:31]} Rad8 {[%emt 0:08:05]} 14. Rad1 {[%emt 0:01:26]} b6 {[%emt 0:01:00]} 15. Rfe1 {[%emt 0:02:46]} e6 {[%emt 0:01:05]} 16. a4 {[%emt 0:03:14]} Be4 {[%emt 0:01:15]} 17. a5 {[%emt 0:05:01]} Nf4 {[%emt 0:06:16]} 18. Bxf4 {[%emt 0:01:49]} Qxf4 {[%emt 0:00:05]} 19. axb6 {[%emt 0:01:08]} axb6 {[%emt 0:00:05]} 20. Nd2 {[%emt 0:18:17]} b5 {[%emt 0:02:29]} 21. g3 {[%emt 0:05:20]} Qf5 {[%emt 0:01:09]} 22. Nxe4 {[%emt 0:00:39]} Nxe4 {[%emt 0:00:15]} 23. f4 {[%emt 0:02:07]} Nd6 {[%emt 0:03:43]} 24. Bd3 {[%emt 0:02:06]} Qd5 {[%emt 0:00:58]} 25. Qc2 {[%emt 0:01:12]} Nc4 {[%emt 0:04:16]} 26. Bxc4 {[%emt 0:00:57]} Qxc4 {[%emt 0:01:28]} 27. Re5 {[%emt 0:00:43]} Qa2 {[%emt 0:02:31]} 28. Rc5 {[%emt 0:00:48]} Rd6 {[%emt 0:00:57]} 29. Qg2 {[%emt 0:00:59]} b4 {[%emt 0:04:58]} 30. Rf1 {[%emt 0:03:20]} Rb8 {[%emt 0:04:36]} 31. Rf2 {[%emt 0:08:56]} bxc3 {[%emt 0:03:10]} 32. bxc3 {[%emt 0:06:31]} Rb1+ {[%emt 0:00:09]} 33. Rf1 {[%emt 0:00:05]} Rb2 {[%emt 0:00:05]} 34. Qf3 {[%emt 0:00:05]} Rxh2 {[%emt 0:01:47]} 35. Rxc6 {[%emt 0:01:21]} Rxc6 {[%emt 0:08:46]} 36. Qxc6 {[%emt 0:00:28]} Qd2 {[%emt 0:04:51]} 37. Qf3 {[%emt 0:00:00]} Rh3 {[%emt 0:00:24]} 38. Qf2 {[%emt 0:02:15]} Qxc3 {[%emt 0:07:37]} 39. Kg2 {[%emt 0:04:43]} Rh5 {[%emt 0:00:04]} 40. Qf3 {[%emt 0:00:07]} Qa5 {[%emt 0:00:04]} 41. Rf2 {[%emt 0:04:17]} g6 {[%emt 0:00:11]} 42. Qe4 {[%emt 0:02:45]} Qc3 {[%emt 0:00:17]} 43. Rf3 {[%emt 0:00:18]} Qc4 {[%emt 0:02:48]} 44. g4 {[%emt 0:03:14]} Rd5 {[%emt 0:00:02]} 45. Rd3 {[%emt 0:00:01]} Qc2+ {[%emt 0:01:59]} 46. Kg3 {[%emt 0:02:21]} h5 {[%emt 0:00:12]} 47. g5 {[%emt 0:00:30]} Ra5 {[%emt 0:02:23]} 48. Re3 {[%emt 0:00:30]} Qc1 {[%emt 0:00:27]} 49. Rb3 {[%emt 0:00:03]} Qg1+ {[%emt 0:01:45]} 50. Kh3 {[%emt 0:00:43]} Qg4+ {[%emt 0:00:31]} 0-1

[Event "Eurasia Open Cup 2019"]
[Site "Ekaterinburg"]
[Date "2019.08.01"]
[Round "2.41"]
[White "Abramov, Ilya"]
[Black "Ovchinnikov, Vsevolod"]
[Result "0-1"]
[WhiteElo "2065"]
[BlackElo "2346"]
[Annotator "NA"]
[PlyCount "150"]
[EventDate "2019.07.31"]
[EventType "swiss"]
[EventCountry "RUS"]
[SourceTitle "playchess.com"]
[Source "ChessBase"]
[SourceQuality "1"]
[TimeControl "5400+30"]

1. d4 {[%emt 0:00:00]} Nf6 {[%emt 0:00:04]} 2. c4 {[%emt 0:00:05]} g6 {[%emt 0:00:00]} 3. Nc3 {[%emt 0:00:15]} Bg7 {[%emt 0:00:11]} 4. e4 {[%emt 0:00:05]} d6 {[%emt 0:00:05]} 5. h3 {[%emt 0:01:20]} O-O {[%emt 0:00:20]} 6. Bg5 {[%emt 0:00:10]} c5 {[%emt 0:04:47]} 7. d5 {[%emt 0:00:40]} b5 {[%emt 0:07:22]} 8. cxb5 {[%emt 0:00:41]} a6 {[%emt 0:00:00]} 9. a4 {[%emt 0:01:06]} Qa5 {[%emt 0:07:38]} 10. Bd2 {[%emt 0:02:57]} Qb4 {[%emt 0:08:37]} 11. Qc2 {[%emt 0:04:01]} axb5 {[%emt 0:07:05]} 12. Bxb5 {[%emt 0:00:15]} Ba6 {[%emt 0:00:20]} 13. f3 {[%emt 0:18:12]} c4 {[%emt 0:05:11]} 14. Nge2 {[%emt 0:06:55]} Nfd7 {[%emt 0:11:26]} 15. O-O {[%emt 0:06:25]} Nc5 {[%emt 0:06:36]} 16. Ra3 {[%emt 0:11:56]} Bxb5 {[%emt 0:18:12]} 17. Nd1 {[%emt 0:00:36]} Qb3 {[%emt 0:00:36]} 18. Qb1 {[%emt 0:05:43]} c3 {[%emt 0:06:38]} 19. Rxb3 {[%emt 0:00:44]} Nxb3 {[%emt 0:00:04]} 20. Bxc3 {[%emt 0:01:25]} Bxe2 {[%emt 0:03:40]} 21. Bxg7 {[%emt 0:01:44]} Kxg7 {[%emt 0:00:33]} 22. Re1 {[%emt 0:01:35]} Bxd1 {[%emt 0:00:14]} 23. Qxd1 {[%emt 0:04:43]} Nc5 {[%emt 0:00:15]} 24. a5 {[%emt 0:00:00]} Nba6 {[%emt 0:06:35]} 25. e5 {[%emt 0:02:51]} Rab8 {[%emt 0:05:31]} 26. exd6 {[%emt 0:00:36]} exd6 {[%emt 0:00:30]} 27. Qd4+ {[%emt 0:00:00]} Kg8 {[%emt 0:00:18]} 28. Re7 {[%emt 0:03:37]} Nb4 {[%emt 0:00:26]} 29. h4 {[%emt 0:02:28]} h5 {[%emt 0:00:46]} 30. f4 {[%emt 0:00:46]} Nbd3 {[%emt 0:00:30]} 31. Qf6 {[%emt 0:00:02]} Rxb2 {[%emt 0:00:02]} 32. Qxd6 {[%emt 0:00:02]} Nb7 {[%emt 0:00:02]} 33. Qa3 {[%emt 0:00:02]} Rb1+ {[%emt 0:00:02]} 34. Kh2 {[%emt 0:05:15]} Ndc5 {[%emt 0:00:40]} 35. f5 {[%emt 0:01:00]} gxf5 {[%emt 0:00:29]} 36. a6 {[%emt 0:00:37]} Rb3 {[%emt 0:00:38]} 37. Qa1 {[%emt 0:02:02]} Nd6 {[%emt 0:00:03]} 38. a7 {[%emt 0:00:02]} Ra8 {[%emt 0:01:00]} 39. Qc1 {[%emt 0:02:58]} Ncb7 {[%emt 0:00:31]} 40. Qg5+ {[%emt 0:00:33]} Kf8 {[%emt 0:00:26]} 41. Rc7 {[%emt 0:00:52]} Rxa7 {[%emt 0:00:02]} 42. Qxh5 {[%emt 0:02:33]} Kg8 {[%emt 0:00:00]} 43. Qg5+ {[%emt 0:00:41]} Kh7 {[%emt 0:01:28]} 44. Qh5+ {[%emt 0:04:25]} Kg7 {[%emt 0:00:00]} 45. Qg5+ {[%emt 0:00:09]} Kh7 {[%emt 0:00:59]} 46. h5 {[%emt 0:00:06]} Ra4 {[%emt 0:00:33]} 47. Qg6+ {[%emt 0:00:29]} Kh8 {[%emt 0:00:27]} 48. Qh6+ {[%emt 0:00:22]} Kg8 {[%emt 0:00:09]} 49. Qg5+ {[%emt 0:00:04]} Kh7 {[%emt 0:00:02]} 50. Qg6+ {[%emt 0:00:59]} Kh8 {[%emt 0:01:27]} 51. Qf6+ {[%emt 0:00:19]} Kg8 {[%emt 0:00:02]} 52. Rc2 {[%emt 0:00:12]} Kh7 {[%emt 0:00:02]} 53. Re2 {[%emt 0:00:01]} Rbb4 {[%emt 0:00:28]} 54. Re3 {[%emt 0:00:52]} Rh4+ {[%emt 0:00:01]} 55. Rh3 {[%emt 0:01:45]} Rhg4 {[%emt 0:00:12]} 56. Qe5 {[%emt 0:00:21]} Rae4 {[%emt 0:01:10]} 57. Qb2 {[%emt 0:00:31]} Na5 {[%emt 0:01:02]} 58. Qf6 {[%emt 0:01:27]} Re2 {[%emt 0:00:19]} 59. Rc3 {[%emt 0:00:16]} Rexg2+ {[%emt 0:00:36]} 60. Kh1 {[%emt 0:00:57]} Nac4 {[%emt 0:00:32]} 61. Rxc4 {[%emt 0:00:15]} Nxc4 {[%emt 0:01:02]} 62. Qxf7+ {[%emt 0:00:35]} Kh6 {[%emt 0:00:34]} 63. Qf6+ {[%emt 0:00:39]} Kxh5 {[%emt 0:00:27]} 64. Qxf5+ {[%emt 0:00:04]} Kh4 {[%emt 0:00:32]} 65. Qh7+ {[%emt 0:00:47]} Kg5 {[%emt 0:00:27]} 66. Qg7+ {[%emt 0:00:05]} Kf5 {[%emt 0:00:27]} 67. Qf7+ {[%emt 0:00:33]} Ke4 {[%emt 0:00:08]} 68. Qe8+ {[%emt 0:00:07]} Kd3 {[%emt 0:00:56]} 69. Qe1 {[%emt 0:01:07]} Nd2 {[%emt 0:00:20]} 70. Qa1 {[%emt 0:00:24]} Rg6 {[%emt 0:00:09]} 71. d6 {[%emt 0:00:20]} R2g4 {[%emt 0:00:56]} 72. Qa3+ {[%emt 0:00:57]} Ke2 {[%emt 0:00:36]} 73. Qa6+ {[%emt 0:00:11]} Ke1 {[%emt 0:00:32]} 74. Qa1+ {[%emt 0:00:42]} Kf2 {[%emt 0:00:31]} 75. Qh8 {[%emt 0:00:19]} Rg1+ {[%emt 0:00:29]} 0-1

[Event "Eurasia Open Cup 2019"]
[Site "Ekaterinburg"]
[Date "2019.08.01"]
[Round "2.42"]
[White "Klukin, Kirill"]
[Black "Vinokur, Yuliya"]
[Result "1/2-1/2"]
[WhiteElo "2325"]
[BlackElo "2013"]
[Annotator "NA"]
[PlyCount "120"]
[EventDate "2019.07.31"]
[EventType "swiss"]
[EventCountry "RUS"]
[SourceTitle "playchess.com"]
[Source "ChessBase"]
[SourceQuality "1"]
[TimeControl "5400+30"]

1. d4 {[%emt 0:00:00]} Nf6 {[%emt 0:00:19]} 2. Nf3 {[%emt 0:00:10]} c5 {[%emt 0:00:30]} 3. e3 {[%emt 0:04:32]} b6 {[%emt 0:03:36]} 4. Bd3 {[%emt 0:00:05]} Bb7 {[%emt 0:00:35]} 5. O-O {[%emt 0:00:05]} g6 {[%emt 0:00:41]} 6. c4 {[%emt 0:01:25]} cxd4 {[%emt 0:01:30]} 7. exd4 {[%emt 0:01:15]} Bg7 {[%emt 0:02:54]} 8. d5 {[%emt 0:01:55]} d6 {[%emt 0:03:30]} 9. Nc3 {[%emt 0:00:27]} O-O {[%emt 0:01:13]} 10. Re1 {[%emt 0:00:12]} Nbd7 {[%emt 0:00:26]} 11. Rb1 {[%emt 0:01:36]} Rc8 {[%emt 0:06:04]} 12. Bf1 {[%emt 0:04:09]} Ng4 {[%emt 0:02:30]} 13. Nd4 {[%emt 0:01:30]} Nge5 {[%emt 0:00:05]} 14. b3 {[%emt 0:03:02]} Nc5 {[%emt 0:02:43]} 15. Be3 {[%emt 0:05:46]} a5 {[%emt 0:02:12]} 16. f4 {[%emt 0:03:26]} Ned7 {[%emt 0:02:05]} 17. Bf2 {[%emt 0:12:13]} Re8 {[%emt 0:02:42]} 18. a3 {[%emt 0:00:30]} Nf6 {[%emt 0:00:39]} 19. b4 {[%emt 0:04:04]} axb4 {[%emt 0:02:58]} 20. axb4 {[%emt 0:08:36]} Ncd7 {[%emt 0:03:25]} 21. Ncb5 {[%emt 0:01:36]} Nf8 {[%emt 0:00:05]} 22. Na7 {[%emt 0:00:05]} Ra8 {[%emt 0:02:10]} 23. Ndc6 {[%emt 0:05:39]} Bxc6 {[%emt 0:01:02]} 24. Nxc6 {[%emt 0:16:16]} Qc7 {[%emt 0:05:52]} 25. Qf3 {[%emt 0:02:19]} e6 {[%emt 0:03:04]} 26. Nd4 {[%emt 0:00:11]} exd5 {[%emt 0:00:05]} 27. cxd5 {[%emt 0:03:42]} Rxe1 {[%emt 0:02:26]} 28. Rxe1 {[%emt 0:02:05]} Ra2 {[%emt 0:05:11]} 29. Nb5 {[%emt 0:00:19]} Qd7 {[%emt 0:00:51]} 30. Qb3 {[%emt 0:00:10]} Rd2 {[%emt 0:00:09]} 31. Rd1 {[%emt 0:04:57]} Rxd1 {[%emt 0:07:24]} 32. Qxd1 {[%emt 0:12:02]} Qf5 {[%emt 0:04:11]} 33. Nxd6 {[%emt 0:01:41]} Qxf4 {[%emt 0:01:27]} 34. Bg3 {[%emt 0:00:07]} Qxb4 {[%emt 0:00:06]} 35. Qf3 {[%emt 0:00:53]} N8d7 {[%emt 0:00:02]} 36. Kh1 {[%emt 0:00:01]} Bf8 {[%emt 0:00:01]} 37. Nc4 {[%emt 0:00:02]} Bc5 {[%emt 0:00:02]} 38. h3 {[%emt 0:00:01]} b5 {[%emt 0:00:02]} 39. Ne5 {[%emt 0:00:02]} Qd4 {[%emt 0:00:04]} 40. Bh2 {[%emt 0:01:26]} b4 {[%emt 0:05:02]} 41. Nc6 {[%emt 0:01:12]} Qxd5 {[%emt 0:01:14]} 42. Qxd5 {[%emt 0:00:46]} Nxd5 {[%emt 0:01:19]} 43. Bc4 {[%emt 0:00:30]} N7b6 {[%emt 0:00:02]} 44. Bb3 {[%emt 0:00:03]} Kg7 {[%emt 0:00:01]} 45. Ne5 {[%emt 0:00:02]} f6 {[%emt 0:00:26]} 46. Nd3 {[%emt 0:01:25]} Bd4 {[%emt 0:01:07]} 47. Bd6 {[%emt 0:00:30]} Bc3 {[%emt 0:00:34]} 48. g4 {[%emt 0:00:30]} g5 {[%emt 0:00:58]} 49. Kg2 {[%emt 0:00:30]} Kg6 {[%emt 0:01:00]} 50. Kf3 {[%emt 0:00:30]} f5 {[%emt 0:00:51]} 51. Bc2 {[%emt 0:00:19]} Nc4 {[%emt 0:00:03]} 52. Nxb4 {[%emt 0:00:04]} Bxb4 {[%emt 0:00:51]} 53. Bxf5+ {[%emt 0:00:02]} Kf6 {[%emt 0:00:24]} 54. Bxb4 {[%emt 0:00:25]} Nxb4 {[%emt 0:00:12]} 55. Bxh7 {[%emt 0:00:08]} Nd5 {[%emt 0:00:34]} 56. Bg8 {[%emt 0:00:05]} Ke5 {[%emt 0:00:05]} 57. Kg3 {[%emt 0:00:13]} Nce3 {[%emt 0:01:09]} 58. Bxd5 {[%emt 0:00:46]} Kxd5 {[%emt 0:00:37]} 59. h4 {[%emt 0:00:12]} gxh4+ {[%emt 0:00:28]} 60. Kxh4 {[%emt 0:00:19]} Ke5 {[%emt 0:00:29]} 1/2-1/2

[Event "Eurasia Open Cup 2019"]
[Site "Ekaterinburg"]
[Date "2019.08.01"]
[Round "2.43"]
[White "Kirillov, Anton"]
[Black "Pozin, Sergey"]
[Result "0-1"]
[WhiteElo "1855"]
[BlackElo "2299"]
[Annotator "NA"]
[PlyCount "66"]
[EventDate "2019.07.31"]
[EventType "swiss"]
[EventCountry "RUS"]
[SourceTitle "playchess.com"]
[Source "ChessBase"]
[SourceQuality "1"]
[TimeControl "5400+30"]

1. e4 {[%emt 0:00:00]} c5 {[%emt 0:00:48]} 2. Nf3 {[%emt 0:00:00]} d6 {[%emt 0:00:38]} 3. d4 {[%emt 0:00:00]} cxd4 {[%emt 0:00:01]} 4. Nxd4 {[%emt 0:00:00]} Nf6 {[%emt 0:00:07]} 5. Nc3 {[%emt 0:00:00]} Nc6 {[%emt 0:00:21]} 6. Bg5 {[%emt 0:00:00]} Bd7 {[%emt 0:00:33]} 7. f4 {[%emt 0:00:07]} e6 {[%emt 0:01:29]} 8. Qd2 {[%emt 0:00:14]} h6 {[%emt 0:00:19]} 9. Bxf6 {[%emt 0:00:47]} Qxf6 {[%emt 0:00:06]} 10. Ndb5 {[%emt 0:01:31]} O-O-O {[%emt 0:01:01]} 11. O-O-O {[%emt 0:01:10]} a6 {[%emt 0:04:33]} 12. Na3 {[%emt 0:08:46]} d5 {[%emt 0:05:02]} 13. e5 {[%emt 0:12:51]} Qe7 {[%emt 0:00:04]} 14. Ne2 {[%emt 0:01:25]} f6 {[%emt 0:06:39]} 15. Nd4 {[%emt 0:10:10]} fxe5 {[%emt 0:01:13]} 16. Nxc6 {[%emt 0:00:06]} Bxc6 {[%emt 0:00:07]} 17. fxe5 {[%emt 0:00:04]} Qc7 {[%emt 0:01:49]} 18. Nb1 {[%emt 0:03:48]} Qxe5 {[%emt 0:00:51]} 19. Be2 {[%emt 0:06:01]} Bc5 {[%emt 0:01:41]} 20. Qe1 {[%emt 0:02:03]} Rhf8 {[%emt 0:03:21]} 21. Bf3 {[%emt 0:02:38]} Qg5+ {[%emt 0:04:09]} 22. Nd2 {[%emt 0:00:08]} e5 {[%emt 0:00:13]} 23. h4 {[%emt 0:05:53]} Qe3 {[%emt 0:02:47]} 24. Rh3 {[%emt 0:01:32]} Qxe1 {[%emt 0:00:15]} 25. Rxe1 {[%emt 0:00:01]} e4 {[%emt 0:02:38]} 26. Bg4+ {[%emt 0:00:39]} Kb8 {[%emt 0:01:24]} 27. c4 {[%emt 0:00:56]} Bf2 {[%emt 0:00:01]} 28. Re2 {[%emt 0:03:35]} d4 {[%emt 0:07:36]} 29. Nxe4 {[%emt 0:00:22]} Be3+ {[%emt 0:02:55]} 30. Rhxe3 {[%emt 0:02:46]} dxe3 {[%emt 0:00:13]} 31. Ng3 {[%emt 0:00:04]} Rf4 {[%emt 0:00:07]} 32. Be6 {[%emt 0:00:33]} Re8 {[%emt 0:07:30]} 33. Rxe3 {[%emt 0:00:52]} Rf6 {[%emt 0:02:47]} 0-1